000
00277nam a2200121 a 4500
008
090929s1985|||| d
100
1
_a
Argilli, M.
245
1
0
_a
Prázdniny s otcom
260
_b
Mladé letá
_a
Bratislava
_c
1985
020
_c
19,50
041
_a
slo
044
_a
xo
_c
SK
999
_c
21
_d
21